<?xml version="1.0" encoding="UTF-8"?>
<record
    xmlns:xsi="http://www.w3.org/2001/XMLSchema-instance"
    xsi:schemaLocation="http://www.loc.gov/MARC21/slim http://www.loc.gov/standards/marcxml/schema/MARC21slim.xsd"
    xmlns="http://www.loc.gov/MARC21/slim">

  <leader>01042nam a2200313   4500</leader>
  <controlfield tag="003">OSt</controlfield>
  <controlfield tag="005">20260601171001.0</controlfield>
  <controlfield tag="008">260421b20002002xxu\||||\||||\00|\0\eng\d</controlfield>
  <datafield tag="020" ind1=" " ind2=" ">
    <subfield code="a">9780316316965</subfield>
    <subfield code="q">empastado</subfield>
  </datafield>
  <datafield tag="020" ind1=" " ind2=" ">
    <subfield code="a">9780316346627</subfield>
    <subfield code="q">r&#xFA;stica</subfield>
  </datafield>
  <datafield tag="020" ind1=" " ind2=" ">
    <subfield code="a">0316316962</subfield>
    <subfield code="q">empastado</subfield>
  </datafield>
  <datafield tag="020" ind1=" " ind2=" ">
    <subfield code="a">0316346624</subfield>
    <subfield code="q">r&#xFA;stica</subfield>
  </datafield>
  <datafield tag="040" ind1=" " ind2=" ">
    <subfield code="a">ICI</subfield>
    <subfield code="b">spa</subfield>
    <subfield code="c">ICI</subfield>
  </datafield>
  <datafield tag="050" ind1=" " ind2=" ">
    <subfield code="a">HM1033</subfield>
    <subfield code="b">G565</subfield>
  </datafield>
  <datafield tag="100" ind1=" " ind2="1">
    <subfield code="a"> Gladwell, Malcolm, </subfield>
    <subfield code="d">1963-</subfield>
  </datafield>
  <datafield tag="245" ind1=" " ind2="1">
    <subfield code="a">The tipping point :</subfield>
    <subfield code="b">how little things can make a big difference /</subfield>
    <subfield code="c">Malcolm Gladwell ; with a new afterword by the author</subfield>
  </datafield>
  <datafield tag="250" ind1=" " ind2=" ">
    <subfield code="a">Firts Back Bay paperback edition</subfield>
  </datafield>
  <datafield tag="264" ind1=" " ind2=" ">
    <subfield code="b">Back Bay Books,</subfield>
    <subfield code="c">2002</subfield>
    <subfield code="a">New York :</subfield>
  </datafield>
  <datafield tag="300" ind1=" " ind2=" ">
    <subfield code="a">301 p&#xE1;ginas</subfield>
    <subfield code="c">21cm.</subfield>
  </datafield>
  <datafield tag="336" ind1=" " ind2=" ">
    <subfield code="a">texto</subfield>
    <subfield code="2">rdacontent</subfield>
  </datafield>
  <datafield tag="337" ind1=" " ind2=" ">
    <subfield code="a">sin medio</subfield>
    <subfield code="2">rdamedia</subfield>
  </datafield>
  <datafield tag="338" ind1=" " ind2=" ">
    <subfield code="a">volumen</subfield>
    <subfield code="2">rdacarrier</subfield>
  </datafield>
  <datafield tag="490" ind1=" " ind2="0">
    <subfield code="a">National bestseller ;</subfield>
    <subfield code="v">1</subfield>
  </datafield>
  <datafield tag="650" ind1=" " ind2="0">
    <subfield code="a">Psicolog&#xED;a social</subfield>
    <subfield code="9">31491</subfield>
  </datafield>
  <datafield tag="650" ind1=" " ind2="0">
    <subfield code="a">Contagio (Psicolog&#xED;a social)</subfield>
    <subfield code="9">31492</subfield>
  </datafield>
  <datafield tag="650" ind1=" " ind2="0">
    <subfield code="a">Causalidad</subfield>
    <subfield code="9">31493</subfield>
  </datafield>
  <datafield tag="650" ind1=" " ind2="0">
    <subfield code="a">Efectos del contexto (Psicolog&#xED;a)</subfield>
    <subfield code="9">31494</subfield>
  </datafield>
  <datafield tag="942" ind1=" " ind2=" ">
    <subfield code="2">lcc</subfield>
    <subfield code="c">B</subfield>
  </datafield>
  <datafield tag="999" ind1=" " ind2=" ">
    <subfield code="c">20089</subfield>
    <subfield code="d">20089</subfield>
  </datafield>
</record>
